Kisah singa dan kucing

Bibliographic Details
Main Author: Sulaiman Shahidan
Format: Book
Published: Petaling Jaya : Penerbit Pan Earth Sdn. Bhd. , 1996
Series:Siri Kisah dan Teladan
Subjects:

MARC

LEADER 00000cam a2200000 7i4500
001 0000008259
002 000009005
005 20000330.0
020 |a 9837504994 
090 0 0 |a JF   |b SUL 
100 0 |a Sulaiman Shahidan 
245 1 0 |a Kisah singa dan kucing   |c Sulaiman Shahidan 
260 |a Petaling Jaya :   |b Penerbit Pan Earth Sdn. Bhd. ,   |c 1996 
300 |a 22p. :   |b ill. ;   |c 21cm. 
490 0 |a Siri Kisah dan Teladan 
650 0 0 |a Children's stories, Malay 
999 |a 046034   |b BUKU   |c PINJAMAN   |e PERPUSTAKAAN KOMUNITI CAW KOTA DAMANSARA 
999 |a 046035   |b BUKU   |c PINJAMAN   |e PERPUSTAKAAN KOMUNITI CAW KOTA DAMANSARA